|
|
|
|
| LEADER |
00928nam a2200217 a 4500 |
| 001 |
00022384 |
| 008 |
110420s2008 bg s f000 0 eng d |
| 020 |
|
|
|a 9845085673
|
| 040 |
|
|
|a BD-DhAAL
|d BD-DhAAL
|
| 082 |
0 |
0 |
|a 331.11/095492/021
|2 20
|
| 245 |
0 |
0 |
|a Report on labour force survey, 2005-2006.
|
| 260 |
|
|
|a Dhaka, Bangladesh :
|b Bangladesh Bureau of Statistics, Statistics Division, Ministry of Planning, Govt. of the People's Republic of Bangladesh,
|c 2008.
|
| 300 |
|
|
|a xix, 253 p. ;
|c 28 cm.
|
| 500 |
|
|
|a Chiefly statistical tables.
|
| 541 |
|
|
|e 00022384
|
| 650 |
|
0 |
|a Labor supply
|z Bangladesh
|x Statistics.
|
| 650 |
|
0 |
|a Household surveys
|z Bangladesh.
|
| 710 |
1 |
|
|a Bangladesh.
|b Bureau of Statistics
|
| 852 |
4 |
|
|a Ayesha Abed Library
|j General shelf
|
| 999 |
|
|
|c 10761
|d 10761
|
| 952 |
|
|
|0 0
|1 0
|2 ddc
|4 0
|6 331_110954920210000_REP
|7 0
|9 16181
|a BDI
|b BDI
|c GEN
|d 2011-04-21
|g 598.00
|l 0
|o 331.11095492021 REP
|p 3050022384
|r 2011-04-21
|t 1
|w 2011-04-21
|y BK
|